[Event "SLO-ch U16 Girls"]
[Site "Sentjur"]
[Date "2005.03.03"]
[Round "5"]
[White "Znidaric, Lucija"]
[Black "Cankar, Neza"]
[Result "0-1"]
[WhiteElo "1543"]
[BlackElo "1500"]
[PlyCount "80"]
[EventDate "2005.02.26"]
[EventType "tourn"]
[EventRounds "8"]
[EventCountry "SLO"]
[SourceTitle "CBM 105 Extra"]
[Source "ChessBase"]
[SourceDate "2005.05.01"]
[SourceVersion "1"]
[SourceVersionDate "2005.05.01"]
[SourceQuality "1"]

1. e4 e5 2. Nf3 Nc6 3. c3 Nf6 4. d4 exd4 5. e5 Nd5 6. cxd4 d6 7. exd6 Bxd6 8. Be2 0-0 9. 0-0 Be6 10. Nc3 Nxc3 11. bxc3 Qd7 12. d5 Bxd5 13. c4 Be6 14. Be3 h6 15. a3 b6 16. Nd2 Rfe8 17. Bf3 Rad8 18. Qa4 Ne5 19. Qxa7 Nxf3+ 20. gxf3 Bh3 21. Rfe1 Qc6 22. Qa6 Re5 23. c5 Bxc5 24. Ne4 Rxe4 25. Kh1 Qg6 26. Rg1 Qc6 27. Rg3 Rh4 28. Rag1 g6 29. Qe2 Bd6 30. Rc1 Qd5 31. Rd1 Qe6 32. f4 Qe4+ 33. f3 Qf5 34. Qc4 Re8 35. Rxg6+ Qxg6 36. Rg1 Bg4 37. Rxg4 Rxg4 38. fxg4 Qxg4 39. Bd2 Qf3+ 40. Kg1 Bc5+ 0-1

[Event "SLO-ch U16 Girls"]
[Site "Sentjur"]
[Date "2005.02.28"]
[Round "2"]
[White "Znidaric, Lucija"]
[Black "Kozarski, Lara"]
[Result "0-1"]
[WhiteElo "1543"]
[BlackElo "1580"]
[PlyCount "94"]
[EventDate "2005.02.26"]
[EventType "tourn"]
[EventRounds "8"]
[EventCountry "SLO"]
[SourceTitle "CBM 105 Extra"]
[Source "ChessBase"]
[SourceDate "2005.05.01"]
[SourceVersion "1"]
[SourceVersionDate "2005.05.01"]
[SourceQuality "1"]

1. e4 e5 2. Nf3 Nc6 3. c3 Nf6 4. d4 exd4 5. e5 Qe7 6. Qe2 d3 7. exf6 dxe2 8. fxe7 exf1Q+ 9. Kxf1 Bxe7 10. g3 d6 11. h3 Bf5 12. Nbd2 Ne5 13. Nd4 Bd7 14. Kg2 Nd3 15. N2b3 0-0 16. Rb1 Nxc1 17. Rbxc1 Bg5 18. f4 Bf6 19. Rhe1 Rfe8 20. Nc2 Rxe1 21. Rxe1 Re8 22. Ne3 Kf8 23. g4 h6 24. Kf1 Bh4 25. Re2 d5 26. Nd2 Bb5 27. c4 dxc4 28. Nexc4 Bf6 29. Rxe8+ Kxe8 30. b3 Bc3 31. Ke2 Bxd2 32. Kxd2 Bxc4 33. bxc4 Kd7 34. Kd3 Kd6 35. Kd4 b6 36. a3 c6 37. a4 a6 38. h4 f6 39. f5 b5 40. axb5 cxb5 41. cxb5 axb5 42. Kc3 Ke5 43. Kb4 Kf4 44. Kxb5 Kxg4 45. Kc5 Kxf5 46. Kd4 Kg4 47. Ke3 Kxh4 0-1

[Event "SLO-ch U16 Girls"]
[Site "Sentjur"]
[Date "2005.02.26"]
[Round "1"]
[White "Sumenjak, Barbara"]
[Black "Znidaric, Lucija"]
[Result "1-0"]
[WhiteElo "1615"]
[BlackElo "1543"]
[PlyCount "105"]
[EventDate "2005.02.26"]
[EventType "tourn"]
[EventRounds "8"]
[EventCountry "SLO"]
[SourceTitle "CBM 105 Extra"]
[Source "ChessBase"]
[SourceDate "2005.05.01"]
[SourceVersion "1"]
[SourceVersionDate "2005.05.01"]
[SourceQuality "1"]

1. d4 d5 2. Nf3 Nf6 3. Bf4 Bf5 4. Nbd2 Nc6 5. e3 a6 6. c3 e6 7. Qb3 Rb8 8. Rc1 Bd6 9. Bg5 h6 10. Bh4 g5 11. Bg3 Bxg3 12. hxg3 Ng4 13. c4 0-0 14. Bd3 Bh7 15. Bxh7+ Kxh7 16. cxd5 exd5 17. Ke2 f5 18. Nh2 Nf6 19. Qc2 Ne4 20. g4 Qf6 21. gxf5 Qxf5 22. Nxe4 dxe4 23. f3 exf3+ 24. gxf3 Qxc2+ 25. Rxc2 Kg6 26. d5 Nb4 27. Rxc7 Nxd5 28. Rd7 Nf6 29. Rd6 Rbd8 30. Rb6 Rd7 31. Ng4 h5 32. Ne5+ Kg7 33. Nxd7 Nxd7 34. Rxb7 Rf7 35. Rxh5 Kg6 36. Rh8 Kf6 37. Rd8 Ke6 38. Rdxd7 Rxd7 39. Rxd7 Kxd7 40. Kd3 Kd6 41. Kd4 a5 42. a4 Kd7 43. Ke5 Kc6 44. Kf5 Kc5 45. Kxg5 Kb4 46. e4 Kxa4 47. e5 Kb3 48. e6 Kxb2 49. e7 a4 50. e8Q a3 51. Qa4 a2 52. f4 a1Q 53. Qxa1+ 1-0

[Event "SLO-ch U14 Girls"]
[Site "Celje"]
[Date "2004.02.22"]
[Round "2"]
[White "Pipan, Eva"]
[Black "Znidaric, Lucija"]
[Result "1/2-1/2"]
[WhiteElo "1500"]
[BlackElo "1500"]
[PlyCount "114"]
[EventDate "2004.02.22"]
[EventType "tourn"]
[EventRounds "8"]
[EventCountry "SLO"]
[SourceTitle "EXT 2008"]
[Source "ChessBase"]
[SourceDate "2007.11.25"]
[SourceVersion "1"]
[SourceVersionDate "2007.11.25"]
[SourceQuality "1"]

1. e4 e5 2. Nf3 Nc6 3. Bc4 Bc5 4. c3 Nf6 5. d4 exd4 6. cxd4 Bb4+ 7. Nc3 Bxc3+ 8. bxc3 Nxe4 9. Qe2 Qe7 10. Bd2 0-0 11. 0-0 Re8 12. Rfe1 d6 13. h3 Bf5 14. Bd3 h6 15. Bxe4 Bxe4 16. Rac1 Qe6 17. a3 d5 18. Nh2 Qg6 19. f3 Bf5 20. Qf2 Na5 21. Rxe8+ Rxe8 22. g4 Bd7 23. Bf4 c6 24. Nf1 Nc4 25. Rd1 f5 26. a4 fxg4 27. fxg4 Rf8 28. Qg3 Qe4 29. Be5 Nxe5 30. Qxe5 Re8 31. Qxe4 Rxe4 32. Kg2 Kf7 33. a5 a6 34. Rb1 Bc8 35. Ng3 Re3 36. Rb3 Ke6 37. Kf2 Rd3 38. Ne2 Kd6 39. Kg2 c5 40. Rb6+ Kc7 41. dxc5 Bd7 42. Rg6 Re3 43. Nf4 Bc6 44. Rxg7+ Kb8 45. g5 hxg5 46. Rxg5 d4+ 47. Kh2 dxc3 48. Rg1 Rf3 49. Nh5 Rf2+ 50. Kg3 Rg2+ 51. Rxg2 Bxg2 52. Nf4 c2 53. Ne2 Bxh3 54. Kxh3 Kc7 55. Kg3 Kc6 56. Kf3 Kxc5 57. Ke3 Kc4 1/2-1/2

[Event "SLO-ch U14 Girls"]
[Site "Celje"]
[Date "2004.02.22"]
[Round "1"]
[White "Znidaric, Lucija"]
[Black "Orehek, Spela"]
[Result "0-1"]
[WhiteElo "1500"]
[BlackElo "1629"]
[PlyCount "112"]
[EventDate "2004.02.22"]
[EventType "tourn"]
[EventRounds "8"]
[EventCountry "SLO"]
[SourceTitle "EXT 2008"]
[Source "ChessBase"]
[SourceDate "2007.11.25"]
[SourceVersion "1"]
[SourceVersionDate "2007.11.25"]
[SourceQuality "1"]

1. e4 d5 2. exd5 Qxd5 3. Nc3 Qa5 4. d4 Nf6 5. Bc4 Bf5 6. Nf3 c6 7. Bd2 e6 8. 0-0 Bb4 9. a3 Bxc3 10. Bxc3 Qc7 11. b3 Nbd7 12. Re1 0-0 13. g3 Rad8 14. b4 b6 15. Ne5 Ne4 16. Qf3 Nxe5 17. dxe5 Nxc3 18. Qxc3 Rd7 19. Rad1 Rfd8 20. Rxd7 Rxd7 21. Bd3 Bxd3 22. cxd3 Rd5 23. f4 Qd7 24. Rc1 Rxd3 25. Qxc6 Qxc6 26. Rxc6 g6 27. a4 Ra3 28. a5 bxa5 29. bxa5 Rxa5 30. Kf2 Ra2+ 31. Kf3 a5 32. Ke3 Rxh2 33. g4 Kg7 34. Ke4 Re2+ 35. Kd3 Re1 36. Ra6 Ra1 37. Ke4 a4 38. Kd3 h6 39. Kc3 Rg1 40. Rxa4 Rxg4 41. Kd2 g5 42. Ke3 Kg6 43. Rd4 Rxf4 44. Rxf4 gxf4+ 45. Kxf4 h5 46. Kg3 Kf5 47. Kh4 Kxe5 48. Kxh5 Kf4 49. Kh4 e5 50. Kh3 Kf3 51. Kh2 e4 52. Kg1 e3 53. Kf1 e2+ 54. Ke1 f5 55. Kd2 Kf2 56. Kd3 e1Q 0-1